Movies Quiz

Random Movies or Song Quiz
Score 0/120 Timer 07:00
0 Plays Today
% Correct
   ahead     /     the      /      a      
98.2%
     a       /      me      /     seen    
97.7%
     a       /    love,     /   bibbidi   
97.7%
    your     /      we      /      a      
97.6%
     A       /      So      / Salagadoola 
97.6%
     a       /  something   /    girl,    
97.6%
 breadline,  / shimmering,  /      a      
97.5%
     a       /    Huns.     /    with?    
97.5%
   going     /      a       /  complete?  
97.5%
     a       /     and      /   through   
97.5%
   town,     /    coarse    /      a      
97.4%
     a       /     into     /    craze.   
97.4%
     I       /      to      /     you     
97.1%
     I       /     From     /    Hakuna   
96.9%
    you      /     see      /     the     
96.7%
    Can      /      I       /     are     
96.7%
    keep     /     can      /      I      
96.7%
     I       /     your     /     off     
96.6%
     I       /     did      /    roam.    
96.5%
   Gotta     /      I       /      Oh     
96.5%
    know     /     the      /   Matata!   
96.4%
    day      /      he      /     the     
96.4%
     of      /  princess,   /     the     
96.4%
 retention   /     the      /    Hakuna   
96.3%
    one      /     and      /     the     
96.3%
 warthog's   /     the      /      It     
96.3%
    the      /    mean,     /     and     
96.3%
     is      /   there's    /     the     
96.3%
    The      /    There     /     Look    
96.2%
    for      /     the      /     work    
96.2%
    the      /   shining,   /     from    
96.1%
   else's    /     the      /   Wouldn't  
96.1%
    the      /     now      /   caravan   
96%
   big...    /   about...   /    the...   
96%
   town,     /  something   /     the     
95.9%
   quiet     /    almost    /     the     
95.9%
     In      /     what     /     you     
95.5%
   there,    /      to      /     you     
95.4%
     be      /     for      /      to     
95%
  seaweed    /     you      /      at     
94.9%
% Correct
    jump     /     you      /     from    
94.7%
    you      /     She      /    think    
94.7%
    me.      /     down     /     what    
94.7%
   steal     /     you      /    Where    
94.7%
    you      /     life     /   bibbidi   
94.6%
   never     /      to      /      me     
94.6%
   lake,     /     way.     /     you     
94.4%
   you...    /    Mmm...    /   boola...  
94.2%
     of      /    world,    /    land,    
94%
   ahead     /     me,      /    where    
93.8%
     in      /    there     /      it     
93.8%
     of      /      on      /   phrase.   
93.7%
     as      /      to      /     for     
93.5%
    your     /      So      /     boo.    
93.3%
     at      /     get      /      is     
93%
   pay...    /    can...    /    of...    
92.9%
     is      /     see      /     this    
92.7%
    that     /     day      /     What    
92.7%
   you're    /      So      /     and     
92.6%
    But      /   There's    /      no     
92.2%
    fast     /     this     /     what    
91.9%
    when     /    love.     /   together  
91.7%
    what     /     let      /     cut     
91.6%
 daughter.   /     when     /      We     
91.6%
  asleep.    /      is      /     have    
91.5%
     as      /     and,     /    Ain't    
91%
     of      /  unrefined.  /     but     
90.8%
   makes     /      is      /     'em     
90.8%
    are      /   planet,    /   Matata!   
90.7%
     is      /      is      /    boola    
90.6%
    one      /     show     /     come    
90.5%
    pass     /    defeat    /      to     
90.4%
    wet      /  blinking,   /      no     
90.3%
    your     /     I'm      /     boo.    
90%
  can't...   /   heart...   /   your...   
89.9%
   heart     /     this     /     Put     
89.7%
     it      /    asked     /    going    
89.6%
   dream     /    don't     /      my     
89.5%
    are,     /     than     /     rest    
88.8%
   powers    /    arrive    /  wonderful  
88.8%
% Correct
   sword.    /     when     /    camels   
88.6%
    Look     /    Let's     /     This    
88.5%
     as      /     step     /   passing   
88.4%
    that     /     but      /     I'm     
88.2%
   dream     /     this     /   mechicka  
88.2%
  before.    /      he      /   shadows.  
87.8%
   always    /     her,     /    stuff.   
87.7%
   thick     /     more     /   worries   
87.3%
 backside.   /     sun.     /    means    
87.1%
   about     /     got      / collection's
86.9%
    only     /     last     /     they    
86.6%
    but      /     say,     /    think    
86.5%
  greener    /   sitting    /    Isn't    
85.9%
    one      /  splendid.   /   faraway   
85.9%
     up      /     lot      /   Wouldn't  
85.6%
    will     /   business   /     give    
85.3%
   swing     /     Tell     /    place    
84.9%
   little    /     But      /     it's    
84.3%
    wish     /     Mmm.     /   bobbidi   
84.3%
  somebody   /    across    /    neat?    
84.1%
   not...    /  You're...   /   this...   
83.1%
    full     /     and      /  nightmare  
81.8%
  people.    /     now      /     one     
80.9%
   dreams    /    makes     /     got     
80.8%
   Every     /     But      /   through   
80.5%
   Little    /     was      /     It's    
79.6%
    I'm      /    sons?     /     turn    
77.9%
     or      /     send     /     I've    
76.6%
   bride     /     they     /    honey,   
76.4%
   up...     /   dear...    /  ride.....  
76.1%
  perfect    /     Did      /     Well    
75.9%
    lose     /   divine.    /   bobbidi   
75.5%
   Little    /   There's    /   Through   
75.1%
    like     /     was      /   darkness  
74.4%
  perfect    /  daughters   /    worse.   
73.9%
    it's     /    sweet     /    mist,    
69.3%
  village.   /    kind.     /    woods,   
66.9%
   Waking    /     he's     /   exciting  
62.4%
heartaches.  /     all      / Salagadoola 
59.8%
  Whatever   /    aglow,    /   mechicka  
56.5%
Remove Ads.
Support Sporcle.
Get the best of Sporcle when you Go Orange. This ad-free experience offers more features, more stats, and more fun while also helping to support Sporcle. Thank you for becoming a member.

You're not logged in!

Compare scores with friends on all Sporcle quizzes.
OR
Log In

Show Comments

Extras

Top Quizzes Today


Score Distribution

Your Account Isn't Verified!

In order to create a playlist on Sporcle, you need to verify the email address you used during registration. Go to your Sporcle Settings to finish the process.

Report this User

Report this user for behavior that violates our Community Guidelines.

Details: